000 00471nam a2200181 a 4500
001 2352
003 CO-ViMGA
008 141112s2004 ck r 000 u spa d
040 _aCO-ViMGA
_bspa
_cCO-ViMGA
082 0 4 _a177.3 F683v
100 1 _aFoucault, Michael
_951188
245 1 0 _aLa verdad y las formas juridicas
260 _aBarcelona :
_bGedisa,
_c1995
300 _a174 p
490 _aFilosofia sociologia
650 1 4 _aVERDAD - ética
_951189
942 _2ddc
_cBK
999 _c14451
_d14451